000 00602nam a2200217Ia 4500
003 OSt
005 20221007073433.0
006 a|||||r|||| 00| 0
007 ta
008 221006b |||||||| |||| 00| 0 eng d
024 _a1,114
037 _cTextual
040 _aFLL
_cFLL
_beng
041 _2eng
_aeng
082 _aX413:Z2qN39.9, L3.2
100 _aSingh S.D
_9301389
245 0 _aCommentaries on Motor Vehicles Act,1939
260 _aLucknow
_bEastern Book Company India
_c1973
942 _hX413:Z2qN39.9, L3.2
_cTEXL
_2CC
999 _c1148741
_d1148741